[Event "World Team Chess Championship"]
[Site "Khanty-Mansiysk, RUS."]
[Date "2017.06.20"]
[Round "4.5"]
[White "Tari Aryan (NOR)"]
[Black "Korobov Anton (UKR)"]
[Result "1/2-1/2"]
[BlackElo "2711"]
[WhiteElo "2593"]
[LiveChessVersion "1.4.8"]

1. e4 {[%clk 1:30:56]} c5 {[%clk 1:30:48]} 2. Nf3 {[%clk 1:31:14]} e6
{[%clk 1:31:10]} 3. d4 {[%clk 1:31:26]} cxd4 {[%clk 1:31:22]} 4. Nxd4
{[%clk 1:31:50]} Nc6 {[%clk 1:31:47]} 5. Nc3 {[%clk 1:31:50]} Qc7
{[%clk 1:31:55]} 6. Qd3 {[%clk 1:29:57]} Nf6 {[%clk 1:31:48]} 7. Ndb5
{[%clk 1:30:04]} Qb8 {[%clk 1:32:03]} 8. Qg3 {[%clk 1:30:21]} d6 {[%clk 1:32:20]}
9. Be3 {[%clk 1:30:25]} a6 {[%clk 1:32:18]} 10. Nd4 {[%clk 1:30:46]} Be7
{[%clk 1:32:24]} 11. f4 {[%clk 1:29:41]} O-O {[%clk 1:30:40]} 12. Bd3
{[%clk 1:28:27]} Nh5 {[%clk 1:25:16]} 13. Qf3 {[%clk 1:20:34]} Nxf4
{[%clk 1:24:38]} 14. Qxf4 {[%clk 1:19:57]} Nxd4 {[%clk 1:25:02]} 15. Bxd4
{[%clk 1:20:21]} e5 {[%clk 1:25:28]} 16. Qf2 {[%clk 1:17:48]} exd4
{[%clk 1:25:49]} 17. Nd5 {[%clk 1:18:10]} Bg5 {[%clk 1:22:05]} 18. O-O
{[%clk 1:07:34]} Be6 {[%clk 1:19:34]} 19. Qxd4 {[%clk 1:06:04]} Qa7
{[%clk 1:14:24]} 20. Qxa7 {[%clk 1:05:17]} Rxa7 {[%clk 1:14:52]} 21. a4
{[%clk 1:04:54]} Bxd5 {[%clk 1:10:20]} 22. exd5 {[%clk 1:05:08]} a5
{[%clk 1:10:45]} 23. Rae1 {[%clk 1:02:42]} g6 {[%clk 1:09:55]} 24. Re4
{[%clk 0:58:49]} Raa8 {[%clk 1:06:42]} 25. c3 {[%clk 0:53:56]} Kg7
{[%clk 1:05:49]} 26. Rfe1 {[%clk 0:52:38]} Rac8 {[%clk 1:06:06]} 27. Rc4
{[%clk 0:51:39]} Rxc4 {[%clk 1:00:34]} 28. Bxc4 {[%clk 0:52:03]} Rc8
{[%clk 1:00:53]} 29. Bb5 {[%clk 0:50:14]} Rc5 {[%clk 1:00:43]} 30. Rd1
{[%clk 0:50:23]} f5 {[%clk 1:00:06]} 31. Kf2 {[%clk 0:49:21]} Bf6
{[%clk 1:00:12]} 32. Kf3 {[%clk 0:43:27]} Be5 {[%clk 0:59:21]} 33. h3
{[%clk 0:41:02]} Rc7 {[%clk 0:57:16]} 34. Bd3 {[%clk 0:39:12]} h5
{[%clk 0:56:28]} 35. g3 {[%clk 0:23:38]} Rc5 {[%clk 0:54:27]} 36. Be2
{[%clk 0:21:33]} Kf6 {[%clk 0:54:22]} 37. Kg2 {[%clk 0:18:41]} Kg5
{[%clk 0:53:08]} 38. Rd2 {[%clk 0:12:28]} Rc7 {[%clk 0:48:55]} 39. h4+
{[%clk 0:10:44]} Kh6 {[%clk 0:47:06]} 40. Bd3 {[%clk 0:39:58]} Rc5
{[%clk 1:16:35]} 41. Bb5 {[%clk 0:35:01]} g5 {[%clk 1:13:56]} 42. hxg5+
{[%clk 0:34:48]} Kxg5 {[%clk 1:14:24]} 43. Kf3 {[%clk 0:34:03]} Rc7
{[%clk 1:14:30]} 44. Rh2 {[%clk 0:33:44]} Rg7 {[%clk 1:13:15]} 45. Be2
{[%clk 0:26:53]} Kh6 {[%clk 1:05:44]} 46. Rh3 {[%clk 0:26:41]} Rg4
{[%clk 1:05:30]} 47. Kf2 {[%clk 0:22:49]} Rg5 {[%clk 1:03:24]} 48. Bd1
{[%clk 0:21:45]} Kg6 {[%clk 1:02:47]} 49. Bc2 {[%clk 0:20:55]} b6
{[%clk 1:03:23]} 50. Bd3 {[%clk 0:13:13]} Rg4 {[%clk 1:02:16]} 51. Bc2
{[%clk 0:13:20]} Kg5 {[%clk 0:56:38]} 52. Bd1 {[%clk 0:13:24]} f4
{[%clk 0:57:02]} 53. gxf4+ {[%clk 0:09:09]} Rxf4+ {[%clk 0:57:21]} 54. Kg2
{[%clk 0:08:54]} h4 {[%clk 0:57:31]} 55. Re3 {[%clk 0:09:14]} Rf8
{[%clk 0:54:59]} 56. Re4 {[%clk 0:06:55]} h3+ {[%clk 0:52:22]} 57. Kxh3
{[%clk 0:07:23]} Rh8+ {[%clk 0:52:36]} 58. Kg2 {[%clk 0:07:51]} Rh2+
{[%clk 0:52:58]} 59. Kf3 {[%clk 0:07:00]} Rxb2 {[%clk 0:53:20]} 60. Rc4
{[%clk 0:06:59]} Rd2 {[%clk 0:51:38]} 61. Be2 {[%clk 0:07:16]} Rxd5
{[%clk 0:51:38]} 62. Rc6 {[%clk 0:07:41]} Rd2 {[%clk 0:51:52]} 63. Rxb6
{[%clk 0:07:25]} Bxc3 {[%clk 0:51:55]} 64. Rb3 {[%clk 0:06:42]} Bb4
{[%clk 0:51:08]} 65. Rd3 {[%clk 0:07:11]} Rb2 {[%clk 0:51:21]} 66. Bd1
{[%clk 0:07:05]} Kf5 {[%clk 0:51:20]} 67. Bb3 {[%clk 0:07:07]} Bc5
{[%clk 0:51:42]} 68. Rd5+ {[%clk 0:07:16]} Ke6 {[%clk 0:51:45]} 69. Rd3+
{[%clk 0:07:37]} Kd7 {[%clk 0:52:08]} 70. Ke4 {[%clk 0:07:32]} Re2+
{[%clk 0:52:30]} 71. Kf3 {[%clk 0:06:45]} Re5 {[%clk 0:49:12]} 72. Bc4
{[%clk 0:06:57]} Kc6 {[%clk 0:48:39]} 73. Bb5+ {[%clk 0:07:26]} Kb6
{[%clk 0:49:02]} 74. Bc4 {[%clk 0:07:22]} Rh5 {[%clk 0:49:04]} 75. Rd5
{[%clk 0:06:59]} Rh3+ {[%clk 0:47:50]} 76. Ke2 {[%clk 0:07:20]} Kc6
{[%clk 0:48:14]} 77. Rf5 {[%clk 0:07:20]} Rh4 {[%clk 0:48:05]} 78. Bb5+
{[%clk 0:07:40]} Kc7 {[%clk 0:48:29]} 79. Rd5 {[%clk 0:07:23]} Kd8
{[%clk 0:48:53]} 80. Kd3 {[%clk 0:07:40]} Ke7 {[%clk 0:49:05]} 81. Rg5
{[%clk 0:06:47]} Rd4+ {[%clk 0:48:51]} 82. Kc3 {[%clk 0:07:16]} d5
{[%clk 0:47:17]} 83. Rg6 {[%clk 0:06:32]} Rh4 {[%clk 0:47:22]} 84. Rc6
{[%clk 0:06:39]} Rh3+ {[%clk 0:46:11]} 85. Kc2 {[%clk 0:06:58]} Bb4
{[%clk 0:46:28]} 86. Ra6 {[%clk 0:06:53]} Rc3+ {[%clk 0:46:28]} 87. Kb2
{[%clk 0:06:15]} d4 {[%clk 0:46:48]} 88. Rc6 {[%clk 0:06:38]} Rh3
{[%clk 0:46:31]} 89. Kc2 {[%clk 0:06:40]} Ra3 {[%clk 0:45:50]} 90. Kb2
{[%clk 0:06:08]} Rh3 {[%clk 0:44:55]} 91. Kc2 {[%clk 0:06:36]} Bd6
{[%clk 0:45:03]} 92. Ra6 {[%clk 0:06:35]} Rc3+ {[%clk 0:45:26]} 93. Kd1
{[%clk 0:04:21]} d3 {[%clk 0:45:11]} 94. Kd2 {[%clk 0:04:14]} Bb4
{[%clk 0:45:35]} 95. Bxd3 {[%clk 0:04:32]} 1/2-1/2

[Event "World Team Chess Championship"]
[Site "Khanty-Mansiysk, RUS."]
[Date "2017.06.20"]
[Round "4.8"]
[White "Kravtsiv Martyn (UKR)"]
[Black "Hauge Lars Oskar (NOR)"]
[Result "1-0"]
[BlackElo "2448"]
[WhiteElo "2653"]
[LiveChessVersion "1.4.8"]

1. e4 {[%clk 1:30:56]} e5 {[%clk 1:30:56]} 2. Nf3 {[%clk 1:31:21]} Nc6
{[%clk 1:31:23]} 3. Bb5 {[%clk 1:31:42]} a6 {[%clk 1:31:47]} 4. Ba4
{[%clk 1:32:08]} Nf6 {[%clk 1:32:04]} 5. O-O {[%clk 1:32:25]} Be7
{[%clk 1:31:40]} 6. Re1 {[%clk 1:32:30]} b5 {[%clk 1:32:01]} 7. Bb3
{[%clk 1:32:50]} d6 {[%clk 1:32:24]} 8. c3 {[%clk 1:32:52]} O-O {[%clk 1:32:45]}
9. h3 {[%clk 1:32:57]} Na5 {[%clk 1:33:01]} 10. Bc2 {[%clk 1:33:00]} c5
{[%clk 1:33:27]} 11. d4 {[%clk 1:32:48]} Nd7 {[%clk 1:33:42]} 12. d5
{[%clk 1:30:09]} Nb6 {[%clk 1:33:48]} 13. Nbd2 {[%clk 1:26:40]} g6
{[%clk 1:34:12]} 14. b4 {[%clk 1:11:59]} Nb7 {[%clk 1:34:34]} 15. Nb3
{[%clk 1:03:17]} f6 {[%clk 1:08:55]} 16. Be3 {[%clk 0:50:41]} Qc7
{[%clk 0:57:00]} 17. Qe2 {[%clk 0:45:06]} Nd8 {[%clk 0:55:28]} 18. Na5
{[%clk 0:40:35]} Bd7 {[%clk 0:54:15]} 19. Rec1 {[%clk 0:37:01]} Nb7
{[%clk 0:51:16]} 20. Nxb7 {[%clk 0:29:14]} Qxb7 {[%clk 0:51:37]} 21. Nd2
{[%clk 0:29:39]} a5 {[%clk 0:45:43]} 22. bxc5 {[%clk 0:28:21]} dxc5
{[%clk 0:46:01]} 23. c4 {[%clk 0:28:37]} b4 {[%clk 0:44:56]} 24. f4
{[%clk 0:26:54]} exf4 {[%clk 0:41:38]} 25. Bxf4 {[%clk 0:27:01]} Rae8
{[%clk 0:41:57]} 26. Qf2 {[%clk 0:24:32]} Na4 {[%clk 0:29:55]} 27. Bxa4
{[%clk 0:22:24]} Bxa4 {[%clk 0:29:52]} 28. a3 {[%clk 0:22:21]} Ra8
{[%clk 0:26:13]} 29. Kh1 {[%clk 0:21:05]} Qd7 {[%clk 0:24:13]} 30. Qg3
{[%clk 0:18:53]} g5 {[%clk 0:20:08]} 31. axb4 {[%clk 0:16:42]} axb4
{[%clk 0:19:53]} 32. e5 {[%clk 0:16:15]} Qf5 {[%clk 0:19:58]} 33. Rf1
{[%clk 0:16:15]} Qg6 {[%clk 0:13:33]} 34. Be3 {[%clk 0:13:36]} fxe5
{[%clk 0:11:54]} 35. Rxf8+ {[%clk 0:13:56]} Bxf8 {[%clk 0:10:05]} 36. Nb3
{[%clk 0:12:36]} Qe8 {[%clk 0:01:48]} 37. Qxg5+ {[%clk 0:10:33]} Bg7
{[%clk 0:02:02]} 38. Nxc5 {[%clk 0:09:38]} b3 {[%clk 0:02:23]} 39. Bc1
{[%clk 0:06:53]} h6 {[%clk 0:01:47]} 40. Qg4 {[%clk 0:34:17]} Kh8
{[%clk 0:30:34]} 41. Bb2 {[%clk 0:33:12]} Ra7 {[%clk 0:30:14]} 42. Ne6
{[%clk 0:27:42]} Bd7 {[%clk 0:30:14]} 1-0

[Event "World Team Chess Championship"]
[Site "Khanty-Mansiysk, RUS."]
[Date "2017.06.20"]
[Round "4.9"]
[White "Wojtaszek Radoslaw (POL)"]
[Black "Solak Dragan (TUR)"]
[Result "1/2-1/2"]
[BlackElo "2641"]
[WhiteElo "2730"]
[LiveChessVersion "1.4.8"]

1. d4 {[%clk 1:30:58]} d5 {[%clk 1:30:55]} 2. c4 {[%clk 1:31:24]} c6
{[%clk 1:31:23]} 3. Nf3 {[%clk 1:31:49]} Nf6 {[%clk 1:31:49]} 4. Nc3
{[%clk 1:32:14]} dxc4 {[%clk 1:32:15]} 5. a4 {[%clk 1:32:40]} Bf5
{[%clk 1:32:38]} 6. Ne5 {[%clk 1:33:05]} Nbd7 {[%clk 1:32:23]} 7. Nxc4
{[%clk 1:33:25]} Nb6 {[%clk 1:32:43]} 8. Ne5 {[%clk 1:33:50]} a5 {[%clk 1:33:08]}
9. e3 {[%clk 1:34:10]} Nfd5 {[%clk 1:27:42]} 10. g4 {[%clk 1:12:17]} Be6
{[%clk 1:20:39]} 11. Ne4 {[%clk 1:10:11]} f6 {[%clk 1:12:08]} 12. Nd3
{[%clk 1:08:03]} Bf7 {[%clk 1:10:22]} 13. Bg2 {[%clk 1:07:59]} e5
{[%clk 1:08:51]} 14. dxe5 {[%clk 0:58:44]} Nb4 {[%clk 1:06:13]} 15. Nxb4
{[%clk 0:58:00]} Bxb4+ {[%clk 1:05:09]} 16. Bd2 {[%clk 0:57:49]} Bxd2+
{[%clk 1:03:53]} 17. Qxd2 {[%clk 0:57:09]} Qxd2+ {[%clk 1:04:06]} 18. Kxd2
{[%clk 0:57:04]} O-O-O+ {[%clk 0:43:01]} 19. Kc2 {[%clk 0:42:34]} fxe5
{[%clk 0:43:00]} 20. Rad1 {[%clk 0:36:59]} Bg6 {[%clk 0:32:31]} 21. h4
{[%clk 0:24:24]} Rhf8 {[%clk 0:23:56]} 22. Rxd8+ {[%clk 0:24:48]} Kxd8
{[%clk 0:24:02]} 23. Rf1 {[%clk 0:25:14]} Nxa4 {[%clk 0:17:55]} 24. h5
{[%clk 0:25:06]} Bxe4+ {[%clk 0:18:13]} 25. Bxe4 {[%clk 0:25:32]} h6
{[%clk 0:18:30]} 26. Bf5 {[%clk 0:20:26]} Nc5 {[%clk 0:18:52]} 27. f4
{[%clk 0:20:50]} Ke7 {[%clk 0:15:59]} 28. Kc3 {[%clk 0:16:46]} exf4
{[%clk 0:09:53]} 29. exf4 {[%clk 0:16:43]} Rd8 {[%clk 0:09:18]} 30. Re1+
{[%clk 0:12:46]} Kf6 {[%clk 0:09:37]} 31. Re5 {[%clk 0:12:56]} b6
{[%clk 0:06:10]} 32. Bg6 {[%clk 0:12:45]} Rf8 {[%clk 0:01:21]} 33. Bf5
{[%clk 0:08:51]} Rd8 {[%clk 0:01:45]} 34. Bg6 {[%clk 0:09:18]} Rf8
{[%clk 0:01:54]} 35. Bf5 {[%clk 0:05:49]} 1/2-1/2

[Event "World Team Chess Championship"]
[Site "Khanty-Mansiysk, RUS."]
[Date "2017.06.20"]
[Round "4.10"]
[White "Yilmaz Mustafa (TUR)"]
[Black "Duda Jan-Krzysztof (POL)"]
[Result "1/2-1/2"]
[BlackElo "2697"]
[WhiteElo "2630"]
[LiveChessVersion "1.4.8"]

1. d4 {[%clk 1:30:57]} Nf6 {[%clk 1:30:55]} 2. c4 {[%clk 1:31:22]} g6
{[%clk 1:31:20]} 3. Nc3 {[%clk 1:29:58]} d5 {[%clk 1:31:43]} 4. cxd5
{[%clk 1:29:34]} Nxd5 {[%clk 1:32:06]} 5. e4 {[%clk 1:30:02]} Nxc3
{[%clk 1:32:26]} 6. bxc3 {[%clk 1:30:21]} Bg7 {[%clk 1:32:51]} 7. Qa4+
{[%clk 1:29:10]} Nd7 {[%clk 1:31:27]} 8. Nf3 {[%clk 1:27:56]} O-O
{[%clk 1:31:26]} 9. Be2 {[%clk 1:21:09]} c5 {[%clk 1:31:29]} 10. O-O
{[%clk 1:19:59]} cxd4 {[%clk 1:18:06]} 11. cxd4 {[%clk 1:20:24]} Nc5
{[%clk 1:18:14]} 12. dxc5 {[%clk 1:17:46]} Bxa1 {[%clk 1:18:31]} 13. e5
{[%clk 1:17:43]} Bd7 {[%clk 1:16:24]} 14. Qh4 {[%clk 1:01:10]} Bc6
{[%clk 1:15:47]} 15. Bh6 {[%clk 0:50:03]} Bxf3 {[%clk 1:09:11]} 16. Bxf3
{[%clk 0:48:52]} Qd4 {[%clk 1:03:14]} 17. Qxd4 {[%clk 0:46:00]} Bxd4
{[%clk 1:03:34]} 18. Bxf8 {[%clk 0:44:36]} Rxf8 {[%clk 1:03:58]} 19. Bxb7
{[%clk 0:43:10]} Bxc5 {[%clk 1:04:23]} 20. Rc1 {[%clk 0:40:26]} 1/2-1/2

[Event "World Team Chess Championship"]
[Site "Khanty-Mansiysk, RUS."]
[Date "2017.06.20"]
[Round "4.13"]
[White "Yu Yangyi (CHN)"]
[Black "Hesham Abdelrahman (EGY)"]
[Result "1-0"]
[BlackElo "2372"]
[WhiteElo "2749"]
[LiveChessVersion "1.4.8"]

1. e4 {[%clk 1:30:52]} e5 {[%clk 1:30:54]} 2. Nf3 {[%clk 1:30:58]} Nc6
{[%clk 1:31:15]} 3. Bb5 {[%clk 1:31:08]} Nf6 {[%clk 1:31:35]} 4. O-O
{[%clk 1:29:56]} Nxe4 {[%clk 1:31:46]} 5. d4 {[%clk 1:30:19]} Nd6
{[%clk 1:32:10]} 6. Bxc6 {[%clk 1:30:40]} dxc6 {[%clk 1:32:33]} 7. dxe5
{[%clk 1:30:58]} Nf5 {[%clk 1:32:56]} 8. Qxd8+ {[%clk 1:31:12]} Kxd8
{[%clk 1:33:18]} 9. h3 {[%clk 1:31:25]} Bd7 {[%clk 1:29:59]} 10. Rd1
{[%clk 1:29:28]} Kc8 {[%clk 1:27:36]} 11. Nc3 {[%clk 1:29:00]} h5
{[%clk 1:21:44]} 12. Bg5 {[%clk 1:25:30]} b6 {[%clk 1:19:35]} 13. b3
{[%clk 1:17:29]} Be6 {[%clk 1:06:39]} 14. Ne2 {[%clk 1:13:19]} Bd5
{[%clk 0:55:43]} 15. Ne1 {[%clk 1:10:51]} Be7 {[%clk 0:54:00]} 16. Bxe7
{[%clk 1:08:04]} Nxe7 {[%clk 0:54:25]} 17. c4 {[%clk 1:07:33]} Be6
{[%clk 0:53:40]} 18. Nf4 {[%clk 0:56:55]} Bf5 {[%clk 0:43:53]} 19. Nf3
{[%clk 0:57:12]} Kb7 {[%clk 0:43:18]} 20. Ng5 {[%clk 0:57:04]} Raf8
{[%clk 0:33:04]} 21. e6 {[%clk 0:43:59]} f6 {[%clk 0:29:26]} 22. Nf7
{[%clk 0:42:30]} Rhg8 {[%clk 0:29:01]} 23. Rd7 {[%clk 0:41:31]} Nc8
{[%clk 0:20:53]} 24. Rad1 {[%clk 0:41:46]} Kb8 {[%clk 0:11:35]} 25. Nd8
{[%clk 0:40:06]} c5 {[%clk 0:10:48]} 26. Nxh5 {[%clk 0:38:00]} g6
{[%clk 0:05:35]} 27. Ng7 {[%clk 0:36:21]} Bc2 {[%clk 0:01:47]} 28. R1d2
{[%clk 0:36:43]} Bb1 {[%clk 0:02:01]} 29. e7 {[%clk 0:36:21]} Nxe7
{[%clk 0:02:24]} 30. Nge6 {[%clk 0:36:46]} 1-0

[Event "World Team Chess Championship"]
[Site "Khanty-Mansiysk, RUS."]
[Date "2017.06.20"]
[Round "4.15"]
[White "Li Chao B (CHN)"]
[Black "Abdelnabbi Imed (EGY)"]
[Result "1-0"]
[BlackElo "2428"]
[WhiteElo "2720"]
[LiveChessVersion "1.4.8"]

1. Nf3 {[%clk 1:30:57]} Nf6 {[%clk 1:30:47]} 2. g3 {[%clk 1:31:09]} b5
{[%clk 1:30:51]} 3. e3 {[%clk 1:27:44]} a6 {[%clk 1:30:02]} 4. Bg2
{[%clk 1:28:07]} Bb7 {[%clk 1:30:23]} 5. O-O {[%clk 1:28:32]} e6 {[%clk 1:30:49]}
6. b3 {[%clk 1:27:30]} Be7 {[%clk 1:30:34]} 7. Bb2 {[%clk 1:27:53]} O-O
{[%clk 1:30:58]} 8. c4 {[%clk 1:27:31]} d5 {[%clk 1:21:51]} 9. d4
{[%clk 1:22:41]} dxc4 {[%clk 1:18:28]} 10. bxc4 {[%clk 1:23:03]} bxc4
{[%clk 1:18:49]} 11. Nbd2 {[%clk 1:22:13]} Bd5 {[%clk 1:16:06]} 12. Qe2
{[%clk 1:17:54]} c5 {[%clk 1:15:42]} 13. e4 {[%clk 1:13:50]} Bb7 {[%clk 1:12:29]}
14. Rfd1 {[%clk 1:13:19]} Nbd7 {[%clk 1:11:06]} 15. Rac1 {[%clk 1:09:01]} a5
{[%clk 1:07:37]} 16. Nxc4 {[%clk 0:59:11]} Bxe4 {[%clk 1:00:08]} 17. dxc5
{[%clk 0:59:32]} Bd5 {[%clk 0:54:37]} 18. c6 {[%clk 0:54:40]} Bxc6
{[%clk 0:51:04]} 19. Bxf6 {[%clk 0:53:41]} Bxf6 {[%clk 0:41:52]} 20. Nfe5
{[%clk 0:53:46]} Bxg2 {[%clk 0:38:00]} 21. Nxd7 {[%clk 0:52:45]} Bd5
{[%clk 0:30:00]} 22. Nxf8 {[%clk 0:52:43]} Kxf8 {[%clk 0:30:28]} 23. Ne3
{[%clk 0:52:34]} Bg5 {[%clk 0:27:57]} 24. Nxd5 {[%clk 0:39:15]} Bxc1
{[%clk 0:26:07]} 25. Nc3 {[%clk 0:39:08]} Qg5 {[%clk 0:25:37]} 26. Ne4
{[%clk 0:39:30]} Qh6 {[%clk 0:25:11]} 27. Qf3 {[%clk 0:39:53]} f5
{[%clk 0:18:47]} 28. Nc5 {[%clk 0:38:28]} Re8 {[%clk 0:19:07]} 29. Nd7+
{[%clk 0:38:39]} Kg8 {[%clk 0:19:13]} 30. Qc6 {[%clk 0:39:00]} Rd8
{[%clk 0:19:28]} 31. Rxc1 {[%clk 0:38:54]} 1-0

[Event "World Team Chess Championship"]
[Site "Khanty-Mansiysk, RUS."]
[Date "2017.06.20"]
[Round "4.17"]
[White "Vidit Santosh Gujrathi (IND)"]
[Black "Onischuk Alexander (USA)"]
[Result "1/2-1/2"]
[BlackElo "2685"]
[WhiteElo "2692"]
[LiveChessVersion "1.4.8"]

1. d4 {[%clk 1:29:45]} Nf6 {[%clk 1:30:42]} 2. c4 {[%clk 1:30:06]} e6
{[%clk 1:31:02]} 3. Nf3 {[%clk 1:30:29]} d5 {[%clk 1:30:34]} 4. g3
{[%clk 1:30:44]} Be7 {[%clk 1:30:22]} 5. Bg2 {[%clk 1:31:03]} O-O
{[%clk 1:30:44]} 6. O-O {[%clk 1:31:26]} dxc4 {[%clk 1:30:14]} 7. Qc2
{[%clk 1:31:47]} a6 {[%clk 1:30:10]} 8. a4 {[%clk 1:32:00]} Bd7 {[%clk 1:30:05]}
9. Qxc4 {[%clk 1:32:03]} Bc6 {[%clk 1:29:52]} 10. Bg5 {[%clk 1:32:24]} Bd5
{[%clk 1:29:21]} 11. Qc2 {[%clk 1:32:23]} Be4 {[%clk 1:28:50]} 12. Qd1
{[%clk 1:32:30]} h6 {[%clk 1:26:49]} 13. Bxf6 {[%clk 1:32:27]} Bxf6
{[%clk 1:27:12]} 14. Nbd2 {[%clk 1:32:50]} Bxf3 {[%clk 1:25:19]} 15. Nxf3
{[%clk 1:33:08]} c6 {[%clk 1:20:07]} 16. a5 {[%clk 1:32:56]} Nd7 {[%clk 1:16:44]}
17. Qb3 {[%clk 1:27:38]} Rb8 {[%clk 1:09:49]} 18. Rfd1 {[%clk 1:24:26]} b6
{[%clk 0:58:03]} 19. Ne5 {[%clk 0:57:58]} Bxe5 {[%clk 0:55:47]} 20. dxe5
{[%clk 0:58:21]} Qc7 {[%clk 0:55:43]} 21. axb6 {[%clk 0:57:36]} Nxb6
{[%clk 0:55:02]} 22. Qc3 {[%clk 0:52:50]} Rfd8 {[%clk 0:41:41]} 23. Rxd8+
{[%clk 0:35:55]} Qxd8 {[%clk 0:38:59]} 24. Qxc6 {[%clk 0:34:40]} Rc8
{[%clk 0:33:01]} 25. Qd6 {[%clk 0:34:03]} Nc4 {[%clk 0:32:20]} 26. Qxd8+
{[%clk 0:30:14]} Rxd8 {[%clk 0:32:30]} 27. b3 {[%clk 0:24:03]} Nd2
{[%clk 0:28:15]} 28. Rxa6 {[%clk 0:22:14]} Nxb3 {[%clk 0:27:37]} 29. f4
{[%clk 0:22:28]} h5 {[%clk 0:21:45]} 30. Kf2 {[%clk 0:20:01]} Kf8
{[%clk 0:21:49]} 31. Ra3 {[%clk 0:17:46]} Nd4 {[%clk 0:21:11]} 32. Ra7
{[%clk 0:17:57]} Nf5 {[%clk 0:18:26]} 33. Be4 {[%clk 0:17:50]} g6
{[%clk 0:17:05]} 34. Bd3 {[%clk 0:17:39]} Rd4 {[%clk 0:16:09]} 35. Kf3
{[%clk 0:17:26]} Rb4 {[%clk 0:14:17]} 36. Ra8+ {[%clk 0:15:04]} Kg7
{[%clk 0:13:16]} 37. Ra7 {[%clk 0:12:19]} Nd4+ {[%clk 0:12:10]} 38. Kf2
{[%clk 0:11:59]} Nf5 {[%clk 0:11:17]} 39. Kg2 {[%clk 0:09:04]} Kf8
{[%clk 0:07:42]} 40. Kh3 {[%clk 0:37:44]} Kg7 {[%clk 0:36:33]} 41. Rd7
{[%clk 0:33:15]} Ne3 {[%clk 0:29:05]} 42. Ra7 {[%clk 0:32:50]} Nf5
{[%clk 0:24:50]} 43. Ra3 {[%clk 0:28:41]} Rd4 {[%clk 0:22:36]} 44. Kg2
{[%clk 0:26:46]} Rb4 {[%clk 0:22:43]} 45. Kf2 {[%clk 0:26:51]} Kf8
{[%clk 0:22:52]} 46. Ra2 {[%clk 0:25:42]} Kg7 {[%clk 0:18:09]} 47. Kf3
{[%clk 0:20:00]} Nd4+ {[%clk 0:18:14]} 48. Ke3 {[%clk 0:20:23]} Nf5+
{[%clk 0:17:01]} 49. Kd2 {[%clk 0:20:45]} h4 {[%clk 0:14:45]} 50. e4
{[%clk 0:14:58]} hxg3 {[%clk 0:09:02]} 51. Kc3 {[%clk 0:14:46]} Ra4
{[%clk 0:07:18]} 52. Rxa4 {[%clk 0:14:08]} gxh2 {[%clk 0:07:40]} 53. Ra1
{[%clk 0:14:29]} Ng3 {[%clk 0:08:05]} 54. Kd2 {[%clk 0:14:43]} h1=Q
{[%clk 0:07:47]} 55. Rxh1 {[%clk 0:15:08]} Nxh1 {[%clk 0:08:15]} 56. Ke3
{[%clk 0:14:19]} Ng3 {[%clk 0:07:53]} 57. Kf3 {[%clk 0:14:39]} Nh5
{[%clk 0:08:16]} 58. Kg4 {[%clk 0:15:03]} Kh6 {[%clk 0:08:11]} 59. Bb5
{[%clk 0:14:49]} f5+ {[%clk 0:07:42]} 60. exf6 {[%clk 0:14:32]} 1/2-1/2

[Event "World Team Chess Championship"]
[Site "Khanty-Mansiysk, RUS."]
[Date "2017.06.20"]
[Round "4.18"]
[White "Akobian Varuzhan (USA)"]
[Black "Adhiban B. (IND)"]
[Result "0-1"]
[BlackElo "2670"]
[WhiteElo "2673"]
[LiveChessVersion "1.4.8"]

1. d4 {[%clk 1:30:56]} d5 {[%clk 1:30:42]} 2. c4 {[%clk 1:31:15]} e6
{[%clk 1:31:07]} 3. Nc3 {[%clk 1:31:21]} c6 {[%clk 1:31:26]} 4. e3
{[%clk 1:31:38]} Nf6 {[%clk 1:31:43]} 5. Nf3 {[%clk 1:31:57]} Nbd7
{[%clk 1:32:06]} 6. Qc2 {[%clk 1:31:37]} Be7 {[%clk 1:32:24]} 7. g4
{[%clk 1:19:56]} dxc4 {[%clk 1:22:28]} 8. g5 {[%clk 1:13:17]} Nd5
{[%clk 1:03:38]} 9. Bxc4 {[%clk 1:12:55]} b5 {[%clk 1:04:04]} 10. Be2
{[%clk 1:04:41]} Nxc3 {[%clk 0:52:43]} 11. Qxc3 {[%clk 0:59:06]} Bb7
{[%clk 0:46:13]} 12. d5 {[%clk 0:55:29]} O-O {[%clk 0:46:17]} 13. dxe6
{[%clk 0:55:13]} fxe6 {[%clk 0:45:41]} 14. h4 {[%clk 0:30:58]} Rxf3
{[%clk 0:43:27]} 15. Bxf3 {[%clk 0:29:56]} Qf8 {[%clk 0:43:50]} 16. Ke2
{[%clk 0:22:05]} b4 {[%clk 0:43:47]} 17. Qc4 {[%clk 0:22:23]} Qxf3+
{[%clk 0:41:08]} 18. Kxf3 {[%clk 0:22:46]} Ne5+ {[%clk 0:41:38]} 19. Kg3
{[%clk 0:16:59]} Nxc4 {[%clk 0:42:06]} 20. Rd1 {[%clk 0:17:02]} c5
{[%clk 0:32:35]} 21. b3 {[%clk 0:17:05]} Nd6 {[%clk 0:32:53]} 22. Bb2
{[%clk 0:10:05]} Rf8 {[%clk 0:23:01]} 23. f4 {[%clk 0:10:09]} Bd5
{[%clk 0:23:09]} 24. Kh3 {[%clk 0:03:57]} Ne4 {[%clk 0:20:50]} 25. Rf1
{[%clk 0:04:06]} g6 {[%clk 0:20:15]} 26. Be5 {[%clk 0:02:50]} a5 {[%clk 0:20:19]}
27. Bc7 {[%clk 0:00:33]} Ra8 {[%clk 0:20:10]} 28. Kh2 {[%clk 0:00:32]} a4
{[%clk 0:20:24]} 29. Be5 {[%clk 0:00:33]} Kf7 {[%clk 0:18:08]} 30. Rfd1
{[%clk 0:00:40]} Nf2 {[%clk 0:17:17]} 31. Re1 {[%clk 0:00:34]} Nd3
{[%clk 0:16:10]} 32. Rf1 {[%clk 0:00:41]} axb3 {[%clk 0:12:37]} 33. axb3
{[%clk 0:01:09]} Rxa1 {[%clk 0:12:58]} 34. Bxa1 {[%clk 0:00:33]} Bxb3
{[%clk 0:13:24]} 35. e4 {[%clk 0:00:49]} c4 {[%clk 0:13:08]} 36. f5
{[%clk 0:00:34]} exf5 {[%clk 0:13:28]} 37. exf5 {[%clk 0:01:03]} c3
{[%clk 0:13:48]} 38. h5 {[%clk 0:00:50]} gxh5 {[%clk 0:13:34]} 39. Rg1
{[%clk 0:00:34]} c2 {[%clk 0:13:08]} 40. g6+ {[%clk 0:30:58]} hxg6
{[%clk 0:43:36]} 41. fxg6+ {[%clk 0:29:26]} Kg8 {[%clk 0:43:39]} 0-1